000 00785cam a2200277 4500500
005 20260329003446.0
041 _afre
042 _adc
100 1 0 _aBrenders, Pauline
_eauthor
245 0 0 _aMatière à penser / novembre 2015
260 _c2015.
500 _a68
690 _aAgamben
690 _aAlain de Botton
690 _aArmes à feu
690 _aBanque mondiale
690 _aÉtats-Unis
690 _aEurope
690 _aJean-Marie Delarue
690 _aMartin Legros
690 _aNeurosciences
690 _aPauvreté
690 _aRenseignement
786 0 _nPhilosophie magazine | 94 | 11 | 2015-11-01 | p. 10-11 | 1951-1787
856 4 1 _uhttps://shs.cairn.info/magazine-philosophie-magazine-2015-11-page-10?lang=fr&redirect-ssocas=7080
999 _c1824773
_d1824773